| 000 | 00557nam a2200157 a 4500 | ||
|---|---|---|---|
| 001 | 000023892 | ||
| 005 | 20200930022540.0 | ||
| 008 | 110117s1947 dr 000 0 spa d | ||
| 040 |
_aDO-SdBNP _bspa _cBNPHU |
||
| 082 |
_axxx _bxxx |
||
| 110 | 1 |
_aRepública Dominicana _bSecretaría de Estado de la Presidencia _932262 |
|
| 245 | 1 | 0 | _aLa obra político-económica y financiera del excelentísimo presidente Trujillo. |
| 260 |
_aciudad Trujillo : _bSecretaría de Estado de la Presidencia, _c1947. |
||
| 300 |
_a31 p. ; _c27 cm. |
||
| 500 | _aPublicación oficial | ||
| 999 |
_c23388 _d23388 |
||